Business and democracy in Latin America / (Record no. 36927)

MARC details
000 -LEADER
campo de control de longitud fija 01205nam a2200193 4500
001 - NÚMERO DE CONTROL
campo de control 1416
005 - FECHA Y HORA DE LA ÚLTIMA TRANSACCIÓN
campo de control 20230410105440.0
008 - DATOS DE LONGITUD FIJA--INFORMACIÓN GENERAL
campo de control de longitud fija 060907n1995 dr spa
020 ## - NÚMERO INTERNACIONAL ESTÁNDAR DEL LIBRO
Número Internacional Estándar del Libro 0822938537
035 ## - NÚMERO DE CONTROL DEL SISTEMA
-- funglode1423
041 ## - CÓDIGO DE IDIOMA
Código de lengua del texto/banda sonora o título independiente EN
050 14 - SIGNATURA TOPOGRÁFICA DE LA BIBLIOTECA DEL CONGRESO
Número de clasificación HC 125 B979 1995
245 0# - MENCIÓN DEL TÍTULO
Título Business and democracy in Latin America /
Mención de responsabilidad, etc. Editors Ernest Bartell, Leigh A. Payne
260 ## - PUBLICACIÓN, DISTRIBUCIÓN, ETC.
Lugar de publicación, distribución, etc. London :
Nombre del editor, distribuidor, etc. University of Pittsburgh Press,
Fecha de publicación, distribución, etc. 1995
300 ## - DESCRIPCIÓN FÍSICA
Extensión xv, 292 p.
520 ## - RESUMEN, ETC.
Sumario, etc. Business interest, dictatorship, and democracy in Argentina, 3. -- Perceptions by business leaders and the transition to democracy in Chile, 49. -- The private sector and the public transcript : The political mobilization of business in Bolivia, 105. -- From fragile crystal to solid rock : The formation and consolidation of a business peak association in Peru, 141. -- Mexican business and the state : The political economy of a muddled transition, 179. -- Brazilian business and the democratic transition : New attitudes and influence, 217. -- Bringing business back in : Business - state relations and democratic stability in Latin America, 257
700 ## - ENTRADA AGREGADA--NOMBRE PERSONAL
Nombre de persona Bartell, Ernest, ed. \ Payne, Leigh A., ed
942 ## - ELEMENTOS DE ENTRADA SECUNDARIOS (KOHA)
Fuente del sistema de clasificación o colocación Clasificación de Library of Congress
Tipo de ítem Koha
Holdings
Estatus retirado Estado de pérdida Fuente del sistema de clasificación o colocación Estado de daño No para préstamo Colección Biblioteca de origen Biblioteca actual Ubicación en estantería Fecha de adquisición Serial enumeration / chronology Signatura topográfica completa Código de barras Visto por última vez Tipo de ítem Koha
    Clasificación de Library of Congress     Ciencias Sociales Biblioteca Juan Bosch Biblioteca Juan Bosch Ciencias Sociales (3er. Piso) 24/10/2018 1 HC 125 B979 1995 00000001265 24/10/2018